=LDR 00000nam 2200000 4500 =001 INLIS000000000006295 =005 20130612094437 =008 ***********************************Ind** =035 ##$$0010-061300000006295 =041 ##$$a Ind =082 ##$$a 200 =090 ##$$a 200, Pal s =100 ##$$a PALS, Daniel L =245 ##$$a Seven the cries of religion, Dari Animisme E.B. Taylor, Materialisme Karl Max, Daniel L. Pals. -- =260 ##$$a 2001 $b Yogyakarta =300 ##$$a xii, 490 hlm, 21 cm =650 ##$$a Agama =850 ##$$a NBPNMAT